| 000 | 01590cam a22003495a 4500 | ||
|---|---|---|---|
| 001 | 16916300 | ||
| 005 | 20141118102920.0 | ||
| 008 | 110812t2011 xxuda fr 001 0 eng d | ||
| 010 | _a2011283439 | ||
| 020 | _a9780071768221 (pbk.) | ||
| 020 | _z007176822X (pbk.) | ||
| 040 |
_aBTCTA _beng _cBTCTA _dYDXCP _dORX _dBWX _dDLC _dEG-ScBUE |
||
| 082 | 0 | 0 |
_a332.45 _222 _bJAG |
| 100 | 1 |
_aJagerson, John _936573 |
|
| 245 | 1 | 0 |
_aAll about Forex trading / _cJohn Jagerson, S. Wade Hansen. |
| 246 | 3 | 4 |
_aAll about Forex trading : _bthe easy way to get started |
| 246 | 3 | 0 | _aForex trading |
| 260 |
_aNew York, United States : _bMcGraw-Hill, _cc.2011. |
||
| 300 |
_aviii, 340 p. : _bcharts, tables ; _c23 cm. |
||
| 490 | 1 | _aAll About finance series | |
| 500 | _aIndex : p. 327-340. | ||
| 500 | _aSubtitle from cover. | ||
| 505 | 0 | _aForex basics-What drives currency prices-Who drives currency prices-Getting to know the currencies : 12 key questions to ask -Currencies of the Americas-Currencies of Western Europe-Currencies of Asia-Currencies of Oceania and Africa-Currencies of Eastern Europe-Navigating the economic calendar-Indicators that Forex traders watch-Investment vehicles for trading Forex-Effective technical analysis techniques-Getting started as a Forex trader. | |
| 650 | 0 |
_aForeign exchange market _934056 |
|
| 650 | 0 |
_aForeign exchange futures _936574 |
|
| 650 | 0 |
_a Foreign exchange _930804 |
|
| 653 |
_bBUSADM _cNovember2014 |
||
| 655 |
_vreading book _934232 |
||
| 700 | 1 |
_aHansen, S. Wade _936575 |
|
| 830 | 0 | _a"All about--" finance series. | |
| 942 |
_2ddc _k332.45 JAG |
||
| 999 |
_c18639 _d18611 |
||